[Event "Berlin-ch Seniors op 33rd"]
[Site "Berlin"]
[Date "2017.02.09"]
[Round "9"]
[White "Fey, Jens"]
[Black "Walther, Lothar O"]
[Result "1/2-1/2"]
[WhiteElo "1630"]
[BlackElo "1491"]
[PlyCount "76"]
[EventDate "2017.01.31"]
[EventType "swiss"]
[EventRounds "9"]
[EventCountry "GER"]
[SourceTitle "EXT 2019"]
[Source "ChessBase"]
[SourceDate "2018.10.10"]
[SourceVersion "1"]
[SourceVersionDate "2018.10.10"]
[SourceQuality "1"]

1. e4 c5 2. d3 d6 3. Nc3 Nf6 4. Be2 a6 5. a4 e6 6. Nf3 Nc6 7. 0-0 Be7 8. h3 0-0 9. Nh2 Nd4 10. Be3 Qc7 11. Nf3 Nxe2+ 12. Qxe2 b6 13. Bf4 e5 14. Bg5 Bb7 15. Nh2 Rfe8 16. Ng4 Nxg4 17. Qxg4 Bxg5 18. Qxg5 Rad8 19. f4 c4 20. f5 f6 21. Qe3 cxd3 22. cxd3 Qc5 23. Qf2 Qxf2+ 24. Rxf2 d5 25. Rc2 Rc8 26. Rac1 d4 27. Na2 Rxc2 28. Rxc2 Rc8 29. Rxc8+ Bxc8 30. g4 a5 31. b3 Ba6 32. Nc1 h6 33. Kg2 Kf8 34. Kg3 b5 35. axb5 Bxb5 36. h4 Ke7 37. Kf3 Kd6 38. g5 Kc5 1/2-1/2

[Event "Berlin-ch Seniors op 32nd"]
[Site "Berlin"]
[Date "2016.02.01"]
[Round "6"]
[White "Fey, Jens"]
[Black "Schulz, Manfred"]
[Result "1-0"]
[WhiteElo "1568"]
[BlackElo "1638"]
[PlyCount "105"]
[EventDate "2016.01.26"]
[EventType "swiss"]
[EventRounds "9"]
[EventCountry "GER"]
[SourceTitle "EXT 2019"]
[Source "ChessBase"]
[SourceDate "2018.10.10"]
[SourceVersion "1"]
[SourceVersionDate "2018.10.10"]
[SourceQuality "1"]

1. e4 e5 2. Nf3 d6 3. Nc3 c6 4. d3 h6 5. Be2 Nf6 6. 0-0 Be6 7. h3 Nbd7 8. Nh2 g5 9. Ng4 Nxg4 10. Bxg4 Qf6 11. Qf3 Qxf3 12. Bxf3 0-0-0 13. Be3 b6 14. Bg4 Nf6 15. Bxe6+ fxe6 16. f3 Nh5 17. Ne2 d5 18. Kh2 d4 19. Bd2 c5 20. b3 Bd6 21. Ng3 Nf4 22. Rae1 h5 23. Ne2 Rdg8 24. g3 Nxe2 25. Rxe2 g4 26. fxg4 hxg4 27. h4 Rf8 28. Ref2 Rxf2+ 29. Rxf2 Rf8 30. Rxf8+ Bxf8 31. Kg2 Kd7 32. Kf2 Ke8 33. Ke2 Kf7 34. Bg5 Kg6 35. Kd2 Bd6 36. c3 Bc7 37. Kc2 Bb8 38. Be7 Bc7 39. c4 Bb8 40. a3 Bc7 41. b4 Kf7 42. Bg5 Bd6 43. b5 Kg6 44. Kb3 Bc7 45. a4 Bb8 46. Bd8 Bd6 47. a5 bxa5 48. Ka4 Kf7 49. Kxa5 Ke8 50. Bg5 Bc7+ 51. Ka6 Bb6 52. Bf6 Kf7 53. Bxe5 1-0

[Event "Berlin-ch Seniors op 30th"]
[Site "Berlin"]
[Date "2014.01.30"]
[Round "1"]
[White "Hohn, August"]
[Black "Fey, Jens"]
[Result "1-0"]
[WhiteElo "1824"]
[BlackElo "1460"]
[PlyCount "109"]
[EventDate "2014.01.30"]
[EventType "swiss"]
[EventRounds "9"]
[EventCountry "GER"]
[SourceTitle "EXT 2018"]
[Source "ChessBase"]
[SourceDate "2017.10.13"]
[SourceVersion "1"]
[SourceVersionDate "2017.10.13"]
[SourceQuality "1"]

1. c4 e5 2. Nc3 Nf6 3. Nf3 d6 4. g3 Nc6 5. Bg2 Be7 6. d4 exd4 7. Nxd4 Bd7 8. 0-0 0-0 9. b3 Rb8 10. Bb2 h6 11. Qd2 a6 12. Rac1 Qc8 13. Nd5 Bh3 14. Nxc6 Nxd5 15. Nxb8 Bxg2 16. Kxg2 Nb6 17. Nxa6 bxa6 18. Bd4 Nd7 19. Qc3 Bf6 20. Rfd1 Re8 21. Qf3 Bxd4 22. Rxd4 Ne5 23. Qd5 Nd7 24. Rd2 Nf6 25. Qc6 Ne4 26. Rdc2 Re5 27. f4 Re7 28. Qd5 Nf6 29. Qf3 Ng4 30. Rc3 Nf6 31. Re3 Rxe3 32. Qxe3 Qa8+ 33. Qf3 Qc8 34. e4 Nd7 35. Re1 f6 36. Qg4 Qd8 37. Qe6+ Kh8 38. Qd5 Nb6 39. Qc6 Qc8 40. c5 dxc5 41. Qxc5 Nd7 42. Qf5 Qe8 43. Rd1 Nb6 44. Rd4 Kg8 45. Qc5 Qf7 46. Qc6 Kh7 47. Qc2 g6 48. a4 Qe7 49. Qc6 a5 50. Rd3 Kg8 51. e5 Kf7 52. Qxf6+ Qxf6 53. exf6 Kxf6 54. Rc3 Nd5 55. Rc5 1-0